Missing Word: Superhero Movies Quiz Stats

 Plays Quiz Updated Jun 7, 2012

Support Sporcle.
Go Orange.
Score 0/14 Timer 03:00
0 Plays Today
Movie Answer % Correct
The _____ KnightDark
96.1%
The _____ FourFantastic
93.8%
The Incredible _____Hulk
90.8%
______ Man 2Iron
87.7%
The _____ Spider-ManAmazing
83.7%
Superman _____Returns
82.7%
______: First ClassX-Men
82.7%
Movie Answer % Correct
_____ RiderGhost
77.4%
Batman _____Begins
77.3%
The League of ______ GentlemenExtraordinary
69.9%
Captain America: The First _____Avenger
65.6%
The Adventures of _____ and Lavagirl in 3-DSharkboy
62.5%
_____ MenMystery
18.2%
_____ AvengerToxic
16%

Today's Daily Dose

You're not logged in!

Compare scores with friends on all Sporcle quizzes.
OR
Log In
Forgot?

From the Vault

Africa by Capital

by Derek

For those who thought that Europe by Capital was too easy, we offer this.
Remove Ads.
Support Sporcle.
Get the best of Sporcle when you Go Orange. This ad-free experience offers more features, more stats, and more fun while also helping to support Sporcle. Thank you for becoming a member.

Show Comments

Extras

Top Quizzes Today


Score Distribution

Your Account Isn't Verified!

In order to create a playlist on Sporcle, you need to verify the email address you used during registration. Go to your Sporcle Settings to finish the process.

Report this User

Report this user for behavior that violates our Community Guidelines.

Details: